000 01503nam a2200337 i 4500
001 26602
003 ES-MaACL
005 20260327112609.0
008 050506s1916 sp 000 0 spa
016 7 _abimoBNE20050274193
_2SpMaBN
035 _a(OCoLC)433456749
035 _a(SpMaBN)bimo0002021599
040 _aSpMaBN
_bspa
_cSpMaBN
_erdc
_dSpMaBN
080 _a929 Figueredo, Diego de
080 _a94(460.353 Morón)
080 _a94(460)"0711/1492"
100 _aPilares, Ramón Auñón y Villalón,
_cMarqués de,
_d1844-1925
_9239905
245 1 3 _aEl gran alcaide de Morón, Diego de Figueredo, en el último tercio del siglo XV
_h[Texto impreso]
_cRamón Auñón y Villalón
260 _a[S.l.]
_b[s.n.]
_c1916
_eMadrid
_fImp. del Ministerio de Marina
300 _a110 p.
_bil.
_c23 cm
600 1 7 _aFigueredo, Diego de,
_dfl. s. XV
_0http://datos.bne.es/resource/XX1717178
_9150783
651 7 _aMorón de la Frontera
_xHistoria
_2embne
_9150784
651 0 _aEspaña-
_xHistoria-
_y711-1492 (Reconquista)
_9234468
852 _aES-MaACL
_cDEPOF
_j1510-F-4
_zRevisado enlace: 27 de Marzo de 2025.
_9 27604
856 4 _uhttp://bdh-rd.bne.es/viewer.vm?id=0000123950&page=1
_yBiblioteca Digital Hispánica
942 _2udc
956 _a1 2
980 _aRústica
_lPapel ácido
_lCubierta rasgada
_aSpMaBN
_bBNMADRID
_jVC/599/24
_cSG_RECOLET
980 _aGarcía Figueras
_aRústica
_lPapel ácido
_lCubierta suelta
_aSpMaBN
_bBNALCALA
_jAFRGFC/24/14
_cSG_PETANTI
999 _c26602
_d26602